000 00511nam a2200169Ia 4500
008 100122s9999 xx 000 0 und d
082 _b75276
_a823.08
100 _aराय सत्यजित
245 _aमी भूत आणि बारा कथा
250 _a1
260 _c2008
300 _a120
630 _aमी भूत आणि बारा कथा
700 _aगिते विलास
730 _aमी भूत आणि बारा कथा
942 _cBOOK
999 _c391395
_d391392